00193nam a2200085Ia 4500008004100000100002000041245001700061260000900078650002000087190216s9999||||xx |||||||||||||| ||und|| aKesavamenon K P 0aNaam Munnot bNull aEssay Malayalam